000 00556nam a2200217Ia 4500
003 OSt
005 20250520122734.0
008 220927b |||||||| |||| 00| 0 eng d
020 _a9780143029465
037 _cTextual
040 _aSDCL
_cSDCL
_beng
041 _2eng
_aeng
084 _aX:5381 P2
100 _aStiglitz, Joseph E
_9784598
245 0 _aGlobalization and its discontents.
260 _aNew Delhi :
_bPenguin Books,
_c2002.
300 _aix,282p.
650 _aEconomics
942 _cTEXL
_2CC
_n0
999 _c743807
_d743807